000 00448nam a2200193Ia 4500
005 20250603144420.0
008 250603s9999 xx 000 0 und d
020 _a9780495906599
050 _aPN 44.5 .A27/
100 _aAbrams, M. H.
245 2 _aA glossary of literary terms
250 _a10th ed.
260 _aBoston
260 _bWadsworth Cengage Learning
260 _c2011
300 _a432 p
650 _aBoston
942 _cBK
999 _c38849
_d38849